Torschützenliste der Serie A 2015-2016 - Statistiken

Allgemein
  • Dieses Quiz wurde 31 mal gespielt
  • Das Durchschnittsergebnis liegt bei 5 aus 12
Antwortstatistiken
Tore Nationalität Verein Spieler % Korrekt
36 Argentinien SSC Neapel Gonzalo Higuaín
100%
14 Ägypten AS Rom Mohamed Salah
93%
19 Argentinien Juventus Turin Paulo Dybala
90%
16 Argentinien Inter Mailand Mauro Icardi
57%
12 Italien SSC Neapel Lorenzo Insigne
50%
13 Slowenien AC Florenz Josip Iličić
40%
12 Italien FC Turin Andrea Belotti
33%
18 Kolumbien AC Mailand Carlos Bacca
33%
12 Kroatien AC Florenz Nikola Kalinić
30%
13 Italien Inter Mailand Éder
10%
14 Italien CFC Genua Leonardo Pavoletti
3%
13 Italien FC Empoli Massimo Maccarone
3%
Keine übereinstimmenden Quizze gefunden
Verteilung der Resultate
Anzahl Personen mit jedem Resultat
Perzentil nach korrekt beantworteten Fragen
Ihre Resultats-Entwicklung
Sie haben dieses Quiz noch nicht gespielt